One-Hit Wonder Novelists - Statistics

General Stats
  • This quiz has been taken 37 times
  • The average score is 7 of 12
Answer Stats
Book Author % Correct
Wuthering Heights Emily Brontë
88%
To Kill a Mockingbird Harper Lee
88%
The Picture of Dorian Gray Oscar Wilde
88%
The Bell Jar Sylvia Plath
76%
Gone with the Wind Margaret Mitchell
74%
Invisible Man Ralph Ellison
65%
Doctor Zhivago Boris Pasternak
62%
Black Beauty Anna Sewell
47%
The God of Small Things Arundhati Roy
29%
The Narrative of Arthur Gordon Pym of Nantucket Edgar Allan Poe
26%
The Phantom Tollbooth Norton Juster
15%
The Perks of Being a Wallflower Stephen Chbosky
3%
No matching quizzes found
Score Distribution
Percent of People with Each Score
Percentile by Number Answered
Your Score History
You have not taken this quiz